| 000 | 00603cam a2200205 4500500 | ||
|---|---|---|---|
| 005 | 20260329004811.0 | ||
| 041 | _afre | ||
| 042 | _adc | ||
| 100 | 1 | 0 |
_aPortevin, Catherine _eauthor |
| 245 | 0 | 0 | _aLa Tyrannie du mérite |
| 260 | _c2021. | ||
| 500 | _a10 | ||
| 690 | _aAscenseur social | ||
| 690 | _aÉlites | ||
| 690 | _aMérite | ||
| 690 | _aMichael J. Sandel | ||
| 690 | _aNéolibéralisme | ||
| 786 | 0 | _nPhilosophie magazine | 148 | 4 | 2021-04-01 | p. 66-69 | 1951-1787 | |
| 856 | 4 | 1 | _uhttps://shs.cairn.info/magazine-philosophie-magazine-2021-4-page-66?lang=fr&redirect-ssocas=7080 |
| 999 |
_c1837402 _d1837402 |
||